[Event "MCR mladeze 2014, H10"]
[Site "Kouty nad Desnou"]
[Date "2014.03.10"]
[Round "3"]
[White "Frank, Adam"]
[Black "Sebesta, Jan"]
[Result "1/2-1/2"]
[WhiteElo "1417"]
[BlackElo "1417"]
[PlyCount "66"]
[EventDate "2014.03.08"]

1. e4 d5 2. exd5 Qxd5 3. Nc3 Qa5 4. Nf3 Nf6 5. d4 Nc6 6. Bd2
Bg4 7. Ne4 Qf5 8. Nxf6+ gxf6 9. c3 O-O-O 10. Be2 e5 11. h3 Bxf3 12. Bxf3 Qe6
13. d5 Rxd5 14. Bxd5 Qxd5 15. Qg4+ Kb8 16. Be3 b6 17. O-O h5 18. Qf3 Qe6 19. b4
e4 20. Qg3 h4 21. Qg4 f5 22. Qe2 Rg8 23. a4 f4 24. Bxf4 Qxh3 25. f3 Bd6 26.
Bxd6 cxd6 27. fxe4 Ne5 28. Qd2 Nf3+ 29. Rxf3 Qxf3 30. Qxd6+ Kb7 31. Qd5+ Kb8
32. Qd6+ Kb7 33. Qd5+ Kb8 1/2-1/2

[Event "MCR mladeze 2014, H10"]
[Site "Kouty nad Desnou"]
[Date "2014.03.10"]
[Round "3"]
[White "Prazak, Viktor"]
[Black "Oplustil, Pavel"]
[Result "1-0"]
[WhiteElo "1354"]
[BlackElo "1382"]
[PlyCount "93"]
[EventDate "2014.03.08"]

1. e4 c5 2. Nf3 d6 3. d4 cxd4 4. Nxd4 Nf6 5. Nc3 g6 6. Be3 Bg7
7. Be2 O-O 8. Qd2 Nc6 9. O-O Bd7 10. Nb3 Rc8 11. Bh6 Ne5 12. Bxg7 Kxg7 13. Rad1
Nc4 14. Bxc4 Rxc4 15. Qe3 Qc7 16. Rfe1 Ng4 17. Qxa7 e6 18. Qa5 Qc6 19. Qg5 Nf6
20. Na5 Qc7 21. Nxc4 Qxc4 22. a3 Bc6 23. Qe3 d5 24. Qd4 Qa6 25. exd5 exd5 26.
Re3 Rd8 27. Rf3 Be8 28. Qe5 Qe6 29. Qxe6 fxe6 30. h3 d4 31. Rfd3 e5 32. f4 Nd7
33. fxe5 Nxe5 34. Rxd4 Rxd4 35. Rxd4 Kf6 36. b4 Nd7 37. a4 Nf8 38. b5 Ne6 39.
Rd1 Ng5 40. a5 h5 41. a6 bxa6 42. bxa6 Ke6 43. a7 Bc6 44. Nb5 Nf7 45. Nd4+ Kd7
46. Nxc6+ Kxc6 47. a8=Q+ 1-0

[Event "MCR mladeze 2014, H10"]
[Site "Kouty nad Desnou"]
[Date "2014.03.10"]
[Round "3"]
[White "Svanda, Adam"]
[Black "Hosnedl, Matyas"]
[Result "0-1"]
[WhiteElo "1367"]
[BlackElo "1343"]
[PlyCount "56"]
[EventDate "2014.03.08"]

1. c4 e5 2. Nc3 Nf6 3. g3 d6 4. Bg2 Nbd7 5. d3 g6 6. Nf3 Bg7
7. b4 c6 8. a4 d5 9. e3 e4 10. dxe4 Nxe4 11. Nxe4 dxe4 12. Nd4 c5 13. bxc5 Nxc5
14. Bf1 O-O 15. Be2 Bh3 16. Ba3 Rc8 17. Rc1 Re8 18. Nb5 Qa5+ 19. Qd2 Qxd2+ 20.
Kxd2 Nb3+ 21. Kc2 Nxc1 22. Kxc1 Red8 23. Nd6 Rc7 24. Nxe4 Bg2 25. Bd6 Rcd7 26.
Rd1 Bxe4 27. Be7 Rxd1+ 28. Bxd1 Rd7 0-1

[Event "MCR mladeze 2014, H10"]
[Site "Kouty nad Desnou"]
[Date "2014.03.11"]
[Round "4"]
[White "Stalmach, Richard"]
[Black "Jirousek, Jan"]
[Result "1-0"]
[WhiteElo "1529"]
[BlackElo "1294"]
[PlyCount "41"]
[EventDate "2014.??.??"]

1. d4 c6 2. e4 d5 3. Nc3 dxe4 4. Nxe4 Bf5 5. Ng3 Bg6 6. h4 h6 7. Nf3 Nf6 8. Ne5
Bh7 9. Bc4 e6 10. Qe2 Qxd4 11. Nxf7 Rg8 12. O-O Qd7 13. Bxe6 Qe7 14. Nd6+ Qxd6
15. Bxg8+ Qe7 16. Bxh7 Nxh7 17. Qxe7+ Bxe7 18. Bf4 Kf8 19. Nf5 Bf6 20. Rad1 g5
21. Bc1 1-0

[Event "MCR mladeze 2014, H10"]
[Site "Kouty nad Desnou"]
[Date "2014.03.11"]
[Round "4"]
[White "Gnojek, Petr"]
[Black "Barak, David"]
[Result "1-0"]
[WhiteElo "1511"]
[BlackElo "1273"]
[PlyCount "98"]
[EventDate "2014.??.??"]

1. d4 Nf6 2. c4 g6 3. Nc3 d5 4. cxd5 Nxd5 5. e4 Nxc3 6. bxc3 Bg7 7. Bc4 c5 8.
Ne2 O-O 9. O-O Nc6 10. dxc5 Qa5 11. Be3 Bxc3 12. Nxc3 Qxc3 13. Rc1 Qe5 14. f3
Be6 15. Bxe6 Qxe6 16. Qd5 Qxd5 17. exd5 Nb4 18. d6 Nc6 19. Rb1 Rab8 20. dxe7
Nxe7 21. Bf4 Ra8 22. Rxb7 Nc6 23. Rd1 Rfd8 24. Rxd8+ Nxd8 25. Rb8 Rxb8 26. Bxb8
Nc6 27. Bd6 a6 28. Kf2 f5 29. Ke3 Kf7 30. g4 fxg4 31. fxg4 h6 32. Ke4 Ke6 33.
Bf8 h5 34. gxh5 gxh5 35. a3 Na5 36. Kf4 Kf6 37. Bd6 Nc4 38. a4 Na5 39. Be5+ Kg6
40. Ke4 Kf7 41. Kd5 Ke7 42. Bc3 Nb7 43. c6 Nd6 44. Bb4 a5 45. Bxd6+ Kd8 46. Kc5
h4 47. h3 Kc8 48. Kb6 Kd8 49. Kb7 Ke8 1-0

[Event "MCR mladeze 2014, H10"]
[Site "Kouty nad Desnou"]
[Date "2014.03.11"]
[Round "4"]
[White "Skypala, Ondrej"]
[Black "Neumann, Filip"]
[Result "0-1"]
[WhiteElo "1482"]
[BlackElo "1333"]
[PlyCount "134"]
[EventDate "2014.??.??"]

1. e4 c5 2. Nf3 d6 3. d4 cxd4 4. Nxd4 Nf6 5. Nc3 a6 6. Be2 e6 7. O-O Be7 8. Be3
Nbd7 9. Kh1 Qc7 10. Rc1 b5 11. f3 Bb7 12. a3 O-O 13. Na2 Nb6 14. b3 Rac8 15. c4
bxc4 16. bxc4 Nbd7 17. Nb4 Qa5 18. Rc3 d5 19. exd5 exd5 20. Qb3 dxc4 21. Rxc4
Bd5 22. Nxd5 Qxd5 23. Qc3 Nb6 24. Rxc8 Rxc8 25. Qb2 Nc4 26. Bxc4 Rxc4 27. Rc1
Rxc1+ 28. Qxc1 Qc5 29. Nc2 Qc4 30. Nb4 Qe6 31. h3 h6 32. Bc5 Nd7 33. Bxe7 Qxe7
34. Qc8+ Nf8 35. Qxa6 Qe1+ 36. Kh2 Qe5+ 37. Kg1 Qe1+ 38. Qf1 Qe3+ 39. Qf2 Qxa3
40. Nc2 Qc1+ 41. Kh2 Qf4+ 42. g3 Qc7 43. f4 Ne6 44. Ne3 Nd4 45. Nd5 Qc2 46.
Qxc2 Nxc2 47. Kg2 Nd4 48. Kf2 f6 49. g4 Kf7 50. Ne3 Kg6 51. h4 f5 52. gxf5+
Nxf5 53. Nxf5 Kxf5 54. Kg3 h5 55. Kf3 g6 56. Kg3 Ke4 57. f5 gxf5 58. Kg2 Ke3
59. Kh2 f4 60. Kh1 f3 61. Kh2 Ke2 62. Kg3 f2 63. Kh3 f1=Q+ 64. Kh2 Qf4+ 65. Kg2
Qg4+ 66. Kh1 Kf2 67. Kh2 Qxh4# 0-1

[Event "MCR mladeze 2014, H10"]
[Site "Kouty nad Desnou"]
[Date "2014.03.11"]
[Round "4"]
[White "Vojta, Jakub"]
[Black "Pribyl, Viktor"]
[Result "0-1"]
[WhiteElo "1328"]
[BlackElo "1482"]
[PlyCount "74"]
[EventDate "2014.??.??"]

1. c4 Nf6 2. Nc3 d5 3. e3 g6 4. d4 Bg7 5. cxd5 Nxd5 6. e4 Nxc3 7. bxc3 c5 8.
Be3 Nc6 9. Ne2 O-O 10. h3 a6 11. g3 b5 12. a3 Bb7 13. Bg2 Rc8 14. O-O Na5 15.
a4 Nc4 16. axb5 axb5 17. Qb3 Qe8 18. Ra7 Nxe3 19. fxe3 Bc6 20. Nf4 Ra8 21. Rfa1
Rxa7 22. Rxa7 e6 23. Kh2 Qb8 24. Ra6 Qb7 25. Ra5 Ra8 26. Rxa8+ Qxa8 27. e5 c4
28. Qc2 Bxg2 29. Nxg2 Bh6 30. e4 Bg7 31. Ne1 Qa3 32. Qd2 h5 33. Nc2 Qb2 34. Qg2
Qxc3 35. Qf2 Qb2 36. Kg2 b4 37. Nxb4 Qxb4 0-1

[Event "MCR mladeze 2014, H10"]
[Site "Kouty nad Desnou"]
[Date "2014.03.11"]
[Round "4"]
[White "Nytra, Ondrej"]
[Black "Mach, Petr"]
[Result "1-0"]
[WhiteElo "1448"]
[BlackElo "1290"]
[PlyCount "55"]
[EventDate "2014.??.??"]

1. e4 e6 2. d4 d5 3. e5 c5 4. c3 Nc6 5. Nf3 Qb6 6. Be2 f6 7. O-O Be7 8. dxc5
Bxc5 9. b4 Be7 10. Bf4 fxe5 11. Nxe5 Nxe5 12. Bxe5 Nf6 13. Bh5+ g6 14. Be2 O-O
15. Nd2 Bd6 16. Bxd6 Qxd6 17. Qc2 e5 18. Rad1 Bf5 19. Qb3 Be6 20. c4 d4 21. Qg3
Nd7 22. c5 Qc7 23. a3 Rae8 24. Ne4 Qc6 25. Nd6 Re7 26. Qg5 Rg7 27. Bb5 Qd5 28.
Bc4 1-0

[Event "MCR mladeze 2014, H10"]
[Site "Kouty nad Desnou"]
[Date "2014.03.11"]
[Round "4"]
[White "Tajovsky, Matej"]
[Black "Faja, Vilem"]
[Result "1-0"]
[WhiteElo "1447"]
[BlackElo "1382"]
[PlyCount "81"]
[EventDate "2014.??.??"]

1. e4 e5 2. Nf3 Nc6 3. d4 exd4 4. Nxd4 Nf6 5. Nc3 Bb4 6. Nxc6 bxc6 7. Bd3 d5 8.
exd5 cxd5 9. O-O O-O 10. Bg5 c6 11. Ne2 Re8 12. c3 Be7 13. Nd4 Bd7 14. Nf5 Rb8
15. Nxe7+ Qxe7 16. Qd2 Be6 17. Rfe1 Rb7 18. Kh1 Reb8 19. b3 Qd8 20. Bf4 Ra8 21.
Rad1 Nd7 22. Bg5 Qb6 23. Bh6 Nc5 24. Bc2 f6 25. Be3 Qb5 26. Bxc5 Bf7 27. Bd4
Rf8 28. b4 Re8 29. Be3 Rbe7 30. a4 Qb8 31. Qd3 Bg6 32. Qd2 Bf7 33. Bc5 Rxe1+
34. Rxe1 Rxe1+ 35. Qxe1 Qf4 36. g3 Qc4 37. Kg2 a5 38. Qe7 Qxc5 39. bxc5 d4 40.
Qd8+ Be8 41. Qxe8# 1-0

[Event "MCR mladeze 2014, H10"]
[Site "Kouty nad Desnou"]
[Date "2014.03.11"]
[Round "4"]
[White "Nemecek, Lukas"]
[Black "Mica, Marek"]
[Result "0-1"]
[WhiteElo "1281"]
[BlackElo "1369"]
[PlyCount "84"]
[EventDate "2014.??.??"]

1. e4 c5 2. Nf3 d6 3. d4 cxd4 4. Nxd4 Nf6 5. Nc3 g6 6. f3 Bg7 7. Be3 O-O 8. Qd2
Nc6 9. g4 Bd7 10. h4 Qa5 11. O-O-O Nxd4 12. Bxd4 Be6 13. Bxf6 Bxf6 14. Nd5
Qxd2+ 15. Rxd2 Bxd5 16. Rxd5 Rac8 17. f4 Rc7 18. h5 Rfc8 19. Bd3 Rc5 20. Rxc5
Rxc5 21. g5 Bd4 22. Rf1 gxh5 23. c3 Bg7 24. Rh1 h6 25. Rxh5 hxg5 26. Rxg5 Rxg5
27. fxg5 Be5 28. Kc2 Bf4 29. b4 Bxg5 30. Kb3 Kg7 31. Kc4 Kf6 32. a4 Ke5 33. a5
e6 34. b5 Be3 35. Kb3 f5 36. exf5 exf5 37. Kc2 f4 38. Bf1 Ke4 39. c4 Bc5 40.
Kd2 Bb4+ 41. Ke2 f3+ 42. Kf2 Bxa5 0-1

[Event "MCR mladeze 2014, H10"]
[Site "Kouty nad Desnou"]
[Date "2014.03.11"]
[Round "4"]
[White "Glozar, Petr"]
[Black "Hosnedl, Matyas"]
[Result "1-0"]
[WhiteElo "1526"]
[BlackElo "1343"]
[PlyCount "117"]
[EventDate "2014.??.??"]

1. d4 Nf6 2. Nf3 d6 3. c4 Nbd7 4. Nc3 e5 5. dxe5 dxe5 6. Bg5 Be7 7. e3 O-O 8.
Be2 c6 9. O-O Qc7 10. Bh4 Rd8 11. Qc2 Nb6 12. Rfd1 Be6 13. b3 h6 14. Rxd8+ Rxd8
15. Rd1 Rxd1+ 16. Qxd1 Qd7 17. Nxe5 Qxd1+ 18. Bxd1 Bb4 19. Ne2 Ne4 20. Bc2 Nc3
21. Nxc3 Bxc3 22. Nf3 c5 23. Be4 a5 24. Bxb7 a4 25. Bd8 Nxc4 26. bxc4 Bxc4 27.
Be7 Bb4 28. Bc6 a3 29. Ne5 Bxa2 30. Nd3 Bc4 31. Nxb4 cxb4 32. Bxb4 a2 33. Bc3
f6 34. f3 Kf7 35. Kf2 Ke6 36. e4 Kd6 37. Bd5 Bxd5 38. exd5 Kxd5 39. Ke3 Kc4 40.
Bd4 Kb3 41. Kf4 Kc4 42. Ke4 f5+ 43. Ke5 Kd3 44. Ba1 Ke2 45. Kxf5 Kf2 46. Bxg7
Kxg2 47. f4 Kxh2 48. Kg6 Kg3 49. f5 Kg4 50. Ba1 h5 51. f6 h4 52. f7 h3 53. f8=Q
Kg3 54. Qa3+ Kg2 55. Qxa2+ Kg1 56. Be5 h2 57. Qxh2+ Kf1 58. Bd4 Ke1 59. Be3 1-0

[Event "MCR mladeze 2014, H10"]
[Site "Kouty nad Desnou"]
[Date "2014.03.11"]
[Round "4"]
[White "Sebesta, Jan"]
[Black "Hofman, Krystof"]
[Result "1/2-1/2"]
[WhiteElo "1417"]
[BlackElo "1320"]
[PlyCount "26"]
[EventDate "2014.03.08"]

1. e4 c5 2. c3 d5 3. exd5 Qxd5 4. d4 Nf6 5. Nf3 g6 6. Na3 Bd7 7. Bc4 Qh5 
8. Ne5 Qxd1+ 9. Kxd1 a6 10. Bxf7+ Kd8 11. Bb3 Kc8 12. f3 cxd4 13.
cxd4 Nc6 {necitelny zapis} 1/2-1/2

[Event "MCR mladeze 2014, H10"]
[Site "Kouty nad Desnou"]
[Date "2014.03.11"]
[Round "4"]
[White "Janouch, Jachym Stepan"]
[Black "Prazak, Viktor"]
[Result "1-0"]
[WhiteElo "1270"]
[BlackElo "1354"]
[PlyCount "41"]
[EventDate "2014.03.08"]

1. e4 c5 2. Nf3 d6 3. d4 cxd4 4. Nxd4 Nf6 5. Nc3 g6 6. Bb5+ Bd7 7. O-O Bg7 8.
Be3 a6 9. Bxd7+ Qxd7 10. Qd2 Nc6 11. Nd5 Nxe4 12. Qd3 Nc5 13. Qd1 e6 14. Nb6
Qd8 15. Nxa8 Qxa8 16. Nxc6 bxc6 17. Qxd6 Ne4 18. Qd3 Nf6 19. Bc5 Nd5 20. Rad1
Qb7 21. c4 1-0

[Event "MCR mladeze 2014, H10"]
[Site "Kouty nad Desnou"]
[Date "2014.03.11"]
[Round "4"]
[White "Jun, Rudolf"]
[Black "Frank, Adam"]
[Result "1/2-1/2"]
[WhiteElo "1311"]
[BlackElo "1417"]
[PlyCount "99"]
[EventDate "2014.03.08"]

1. e4 e5 2. d4 exd4 3. c3 dxc3 4. Bc4 cxb2 5. Bxb2 d5 6. Bxd5 Nf6 7. Bxf7+ Kxf7
8. Qxd8 Bb4+ 9. Qd2 Bxd2+ 10. Nxd2 Re8 11. Bxf6 gxf6 12. Ngf3 Rg8 13. Rg1 Nc6
14. Rc1 Be6 15. a4 Rac8 16. Ke2 Ne5 17. Nxe5+ fxe5 18. Rc5 Kf6 19. Nf3 Bg4 20.
h3 Bxf3+ 21. Kxf3 c6 22. g4 b6 23. Rcc1 c5 24. h4 Rgf8 25. g5+ Kg6+ 26. Kg3 Rf4
27. f3 Rd8 28. Rcd1 Rd4 29. Rxd4 cxd4 30. Rd1 Rf7 31. Kg4 Rf4+ 32. Kg3 Rf7 33.
Kg4 h5+ 34. gxh6 Kxh6 35. Rc1 Rd7 36. Kg3 Kh5 37. f4 exf4+ 38. Kxf4 d3 39. Rd1
Rd4 40. Ke3 Rxa4 41. Rxd3 Kxh4 42. Kf4 b5 43. Rd7 Kh5 44. Rd5+ Kg6 45. Rxb5 a5
46. Ke3 Kf6 47. Kd3 Ke6 48. Kc3 Kd6 49. Kb3 Rxe4 50. Rxa5 1/2-1/2

[Event "MCR mladeze 2014, H10"]
[Site "Kouty nad Desnou"]
[Date "2014.03.11"]
[Round "4"]
[White "Oplustil, Pavel"]
[Black "Svanda, Adam"]
[Result "1-0"]
[WhiteElo "1382"]
[BlackElo "1367"]
[PlyCount "53"]
[EventDate "2014.03.08"]

1. e4 c6 2. d4 d5 3. exd5 cxd5 4. Nf3 Nf6 5. Bd3 Nc6 6. c3 Bg4 7. Nbd2 e6 8.
O-O Bd6 9. Re1 O-O 10. Nf1 Re8 11. Ng3 e5 12. h3 Bxf3 13. gxf3 exd4 14. Rxe8+
Qxe8 15. cxd4 Nxd4 16. Bxh7+ Nxh7 17. Qxd4 Bxg3 18. fxg3 Rd8 19. Kg2 Qe2+ 20.
Qf2 Qxf2+ 21. Kxf2 Re8 22. Be3 a6 23. Rc1 Re7 24. Rc8+ Nf8 25. Bc5 Re3 26.
Rxf8+ Kh7 27. Kxe3 1-0

[Event "MCR mladeze 2014, H10"]
[Site "Kouty nad Desnou"]
[Date "2014.03.11"]
[Round "5"]
[White "Neumann, Filip"]
[Black "Gnojek, Petr"]
[Result "0-1"]
[WhiteElo "1333"]
[BlackElo "1511"]
[PlyCount "127"]
[EventDate "2014.??.??"]

1. e4 e6 2. d4 d5 3. Nd2 c5 4. exd5 exd5 5. Ngf3 Nf6 6. Be2 Nc6 7. dxc5 Bxc5 8.
Nb3 Bb6 9. c3 O-O 10. h3 Ne4 11. Nbd4 Ba5 12. O-O Be6 13. Be3 Qd7 14. Nxe6 fxe6
15. Nd2 Nxd2 16. Qxd2 e5 17. Rad1 d4 18. Bc4+ Kh8 19. Qd3 Qc7 20. Bd2 Bb6 21.
Bb3 Rae8 22. cxd4 Nxd4 23. Rc1 Qd7 24. Kh1 Rd8 25. Bc3 Nxb3 26. Qxd7 Rxd7 27.
axb3 e4 28. Bb4 Re8 29. Ba3 Rd3 30. Rc3 Rxc3 31. bxc3 Re6 32. c4 Rf6 33. Re1
Bxf2 34. Rxe4 h6 35. Re7 Bg3 36. Kg1 Rb6 37. Bb2 Rxb3 38. Rxg7 Bf2+ 39. Kf1
Rxb2 40. Rd7 Bb6 41. Rxb7 Rf2+ 42. Ke1 Rxg2 43. Rd7 Rg3 44. Rd6 Rxh3 45. Kf1
Kg7 46. Kg2 Rc3 47. Rd7+ Kg6 48. Rd6+ Kg5 49. Rc6 h5 50. Rc8 h4 51. Rg8+ Kf5
52. Rf8+ Ke5 53. Re8+ Kd4 54. Rf8 Kxc4 55. Rf4+ Kb3 56. Rxh4 a5 57. Rh5 Bc5 58.
Rh1 a4 59. Rb1+ Ka2 60. Rb8 a3 61. Rb5 Rc2+ 62. Kf3 Bd4 63. Rb4 Bb2 64. Ke4 0-1

[Event "MCR mladeze 2014, H10"]
[Site "Kouty nad Desnou"]
[Date "2014.03.11"]
[Round "5"]
[White "Pribyl, Viktor"]
[Black "Stalmach, Richard"]
[Result "1-0"]
[WhiteElo "1482"]
[BlackElo "1529"]
[PlyCount "63"]
[EventDate "2014.??.??"]

1. d4 c5 2. dxc5 e6 3. e4 Bxc5 4. Nc3 Nc6 5. Nf3 Nge7 6. Bc4 O-O 7. O-O a6 8.
a3 b5 9. Ba2 Bb7 10. b4 Bb6 11. Bb2 Rc8 12. Re1 Qc7 13. Rc1 Rfd8 14. Qe2 Kh8
15. Ng5 Ne5 16. Nxb5 Qc6 17. Bxe5 Rf8 18. Qh5 Bxf2+ 19. Kxf2 Qb6+ 20. Bd4 Qxd4+
21. Nxd4 h6 22. Nxf7+ Kg8 23. Kg1 Rxf7 24. Nxe6 d5 25. exd5 Rf5 26. Qg4 g5 27.
d6 Kh7 28. dxe7 Rb5 29. Nd8 Bd5 30. Qf5+ Kh8 31. e8=Q+ Kg7 32. Qfg6# 1-0

[Event "MCR mladeze 2014, H10"]
[Site "Kouty nad Desnou"]
[Date "2014.03.11"]
[Round "5"]
[White "Jirousek, Jan"]
[Black "Skypala, Ondrej"]
[Result "0-1"]
[WhiteElo "1294"]
[BlackElo "1482"]
[PlyCount "54"]
[EventDate "2014.??.??"]

1. d4 Nf6 2. c4 g6 3. Nc3 Bg7 4. Bf4 d6 5. e3 O-O 6. Nf3 Nh5 7. Bg3 f5 8. Qd2
Nxg3 9. hxg3 e5 10. dxe5 dxe5 11. Qd5+ Qxd5 12. Nxd5 Na6 13. Ne7+ Kf7 14. Rxh7
e4 15. Nh4 Nb4 16. O-O-O Nxa2+ 17. Kb1 Nb4 18. Nhxg6 Nc6 19. c5 Nxe7 20. Nxe7
Be6 21. Nd5 Rad8 22. Nc3 Kg6 23. Rh1 Bxc3 24. Rxd8 Rxd8 25. bxc3 Rd1+ 26. Kc2
Ra1 27. Kb2 Re1 0-1

[Event "MCR mladeze 2014, H10"]
[Site "Kouty nad Desnou"]
[Date "2014.03.11"]
[Round "5"]
[White "Mica, Marek"]
[Black "Nytra, Ondrej"]
[Result "1-0"]
[WhiteElo "1369"]
[BlackElo "1448"]
[PlyCount "163"]
[EventDate "2014.??.??"]

1. e4 e5 2. Nf3 Nc6 3. d4 exd4 4. Nxd4 Nf6 5. Nc3 Bb4 6. Nxc6 bxc6 7. Bd3 O-O
8. O-O Bxc3 9. bxc3 d5 10. exd5 cxd5 11. Bg5 Qd6 12. Bxf6 Qxf6 13. Qh5 g6 14.
Qxd5 Be6 15. Qc6 Rfc8 16. Ba6 Rd8 17. Qxc7 Bc8 18. Bd3 Be6 19. Qc5 Rdc8 20. Qd4
Kg7 21. f3 Rxc3 22. Qxf6+ Kxf6 23. a4 a5 24. Kf2 Rac8 25. Ke3 Ke5 26. Rfb1 Bc4
27. g4 f5 28. f4+ Kd5 29. gxf5 gxf5 30. Rb7 Bxd3 31. cxd3 R8c7 32. Rb5+ R3c5
33. Rxc5+ Rxc5 34. Rb1 Rc2 35. Rb5+ Ke6 36. Rxa5 Rxh2 37. Kd4 Rh4 38. Ra6+ Kf7
39. Ke5 Rh5 40. Rf6+ Ke7 41. Rxf5 Rh3 42. d4 Ra3 43. Rh5 Rxa4 44. Rxh7+ Ke8 45.
d5 Ra1 46. f5 Re1+ 47. Kd6 Rf1 48. Rh5 Rf2 49. Ke5 Re2+ 50. Kf6 Rd2 51. Ke5
Re2+ 52. Kd4 Rd2+ 53. Ke4 Ke7 54. Rh6 Rd1 55. Re6+ Kf8 56. Ke5 Re1+ 57. Kf6 Rd1
58. Re5 Rd2 59. Ke6 Ke8 60. f6 Rf2 61. d6 Rf1 62. d7+ Kd8 63. f7 Rf2 64. Rf5
Re2+ 65. Kd5 Rd2+ 66. Ke4 Kxd7 67. f8=Q Re2+ 68. Kd3 Re1 69. Qg7+ Kd6 70. Qg6+
Ke7 71. Rf7+ Kd8 72. Qg8+ Re8 73. Rf8 Rxf8 74. Qxf8+ Kd7 75. Qf6 Kc7 76. Qe6
Kb7 77. Qd6 Ka8 78. Qe7 Kb8 79. Kc4 Kc8 80. Kc5 Kb8 81. Kb6 Kc8 82. Qe8# 1-0

[Event "MCR mladeze 2014, H10"]
[Site "Kouty nad Desnou"]
[Date "2014.03.11"]
[Round "5"]
[White "Barak, David"]
[Black "Tajovsky, Matej"]
[Result "1-0"]
[WhiteElo "1273"]
[BlackElo "1447"]
[PlyCount "119"]
[EventDate "2014.??.??"]

1. d4 d5 2. Bg5 Nf6 3. Bxf6 exf6 4. e3 c5 5. c4 Be6 6. cxd5 Bxd5 7. Nc3 Be6 8.
Nf3 Be7 9. Be2 Nd7 10. O-O O-O 11. Qc2 Rc8 12. Rac1 cxd4 13. Nxd4 Ne5 14. Nxe6
fxe6 15. Rfd1 Qb6 16. Qb1 Rfd8 17. Ne4 Ng6 18. Ng3 f5 19. Rxc8 Rxc8 20. b3 Qc7
21. Bc4 Qc6 22. Nxf5 Bf6 23. Rd6 Qc5 24. Bxe6+ Kh8 25. Bxc8 Qxc8 26. Ng3 Qc7
27. Rd1 Qc6 28. Qc1 Qe8 29. Qc7 h6 30. Qd7 Qf8 31. Nh5 Bh4 32. Ng3 Ne5 33. Qf5
Qe8 34. Rc1 Nc6 35. Qe4 Qd8 36. Nf5 Bf6 37. Qf3 Ne5 38. Qxb7 Qd2 39. Rf1 Nd3
40. Qxa7 Qe2 41. Ng3 Qg4 42. Qa8+ Kh7 43. Qe4+ Qg6 44. Qxg6+ Kxg6 45. a4 Nb4
46. a5 Bd8 47. Ra1 Nc6 48. a6 Bb6 49. b4 Na7 50. Ne4 Kf7 51. Rd1 Ke8 52. Nc5
Ke7 53. Rd7+ Ke8 54. Rxg7 Kd8 55. f4 Ke8 56. f5 Kf8 57. Rb7 Kg8 58. Rxb6 Kf8
59. Rb7 Nc8 60. Rb8 1-0

[Event "MCR mladeze 2014, H10"]
[Site "Kouty nad Desnou"]
[Date "2014.03.11"]
[Round "5"]
[White "Glozar, Petr"]
[Black "Janouch, Jachym Stepan"]
[Result "1-0"]
[WhiteElo "1526"]
[BlackElo "1270"]
[PlyCount "45"]
[EventDate "2014.??.??"]

1. e4 e5 2. Nf3 Nc6 3. Bb5 Nf6 4. d3 d6 5. c4 Be7 6. Be3 O-O 7. Bxc6 bxc6 8.
Nbd2 Bg4 9. h3 Bh5 10. g4 Bg6 11. Qe2 Qb8 12. b3 a5 13. O-O c5 14. Kh2 Qc8 15.
Rg1 Nd7 16. h4 f6 17. h5 Be8 18. Nh4 Nb8 19. h6 g5 20. Nf5 Nc6 21. Nb1 Nd4 22.
Bxd4 cxd4 23. Nxe7+ 1-0

[Event "MCR mladeze 2014, H10"]
[Site "Kouty nad Desnou"]
[Date "2014.03.11"]
[Round "5"]
[White "Mach, Petr"]
[Black "Vojta, Jakub"]
[Result "1/2-1/2"]
[WhiteElo "1290"]
[BlackElo "1328"]
[PlyCount "83"]
[EventDate "2014.??.??"]

1. e4 d5 2. exd5 Nf6 3. d4 Nxd5 4. Nf3 Bg4 5. Be2 e6 6. O-O Be7 7. Nbd2 Nf4 8.
Nb3 Nxe2+ 9. Qxe2 O-O 10. h3 Bxf3 11. Qxf3 Qd5 12. Qxd5 exd5 13. Bf4 Na6 14.
Rfe1 Bf6 15. Re2 Rfe8 16. Rae1 Rxe2 17. Rxe2 Kf8 18. Kf1 Re8 19. c3 Re7 20.
Rxe7 Bxe7 21. Ke2 c5 22. dxc5 Nxc5 23. Nxc5 Bxc5 24. Be3 Bxe3 25. Kxe3 Ke7 26.
Kd4 Ke6 27. g4 g5 28. b3 Kd6 29. a3 b5 30. Kd3 a5 31. Kd4 f6 32. b4 a4 33. Kd3
Ke5 34. Ke3 f5 35. gxf5 Kxf5 36. Kf3 h5 37. Ke3 g4 38. hxg4+ hxg4 39. Kd3 Kf4
40. Kd2 Ke4 41. Ke2 d4 42. cxd4 1/2-1/2

[Event "MCR mladeze 2014, H10"]
[Site "Kouty nad Desnou"]
[Date "2014.03.11"]
[Round "5"]
[White "Faja, Vilem"]
[Black "Sebesta, Jan"]
[Result "0-1"]
[WhiteElo "1382"]
[BlackElo "1417"]
[PlyCount "58"]
[EventDate "2014.??.??"]

1. d4 Nf6 2. Nf3 g6 3. e3 Bg7 4. Bd3 d5 5. b3 O-O 6. O-O Bg4 7. Bb2 Bxf3 8.
Qxf3 c6 9. Nd2 e6 10. Qh3 Nbd7 11. f4 c5 12. Rab1 cxd4 13. Bxd4 b6 14. b4 Rc8
15. Rf3 Re8 16. Rb2 e5 17. fxe5 Nxe5 18. Rf1 Nxd3 19. cxd3 Nh5 20. Bxg7 Nxg7
21. Qf3 Rf8 22. Nb3 Rc3 23. Rd1 Nf5 24. Rdd2 Re8 25. Nd4 Rxe3 26. Qf4 Rc1+ 27.
Kf2 Ree1 28. Qg4 Rf1+ 29. Ke2 Rce1# 0-1

[Event "MCR mladeze 2014, H10"]
[Site "Kouty nad Desnou"]
[Date "2014.03.11"]
[Round "5"]
[White "Hofman, Krystof"]
[Black "Jun, Rudolf"]
[Result "1/2-1/2"]
[WhiteElo "1320"]
[BlackElo "1311"]
[PlyCount "88"]
[EventDate "2014.03.08"]

1. e4 c5 2. Nf3 e6 3. d4 cxd4 4. Nxd4 a6 5. Bd3 d6 6. O-O Nf6 7. Nc3 Be7 8. Be3
O-O 9. Qd2 b5 10. b4 Bd7 11. a3 Qc7 12. Rfc1 Nc6 13. Nce2 Nxd4 14. Nxd4 Qb7 15.
f3 Rac8 16. c4 bxc4 17. Rxc4 Rxc4 18. Bxc4 d5 19. exd5 exd5 20. Bd3 Re8 21. Qe2
Ra8 22. Rc1 Bd6 23. Bf5 Bxf5 24. Nxf5 Qd7 25. Nxd6 Qxd6 26. Bc5 Qd7 27. Qe7 Rc8
28. Qxd7 Nxd7 29. Kf2 f6 30. Ke3 Kf7 31. Kd4 Nxc5 32. Rxc5 Rxc5 33. bxc5 Ke6
34. c6 Kd6 35. c7 Kxc7 36. Kc5 Kb7 37. Kxd5 Kb6 38. Kc4 a5 39. a4 Kc6 40. h3 h6
41. Kd4 Kd6 42. g4 g5 43. Kc4 Kc6 44. Kd4 Kd6 1/2-1/2

[Event "MCR mladeze 2014, H10"]
[Site "Kouty nad Desnou"]
[Date "2014.03.11"]
[Round "5"]
[White "Prazak, Viktor"]
[Black "Nemecek, Lukas"]
[Result "0-1"]
[WhiteElo "1354"]
[BlackElo "1281"]
[PlyCount "56"]
[EventDate "2014.03.08"]

1. e4 d5 2. exd5 Nf6 3. d4 Nxd5 4. Nf3 Bg4 5. c4 Nf6 6. Be2 e6 7. h3 Bh5 8. Nc3
Bb4 9. g4 Bxc3+ 10. bxc3 Bg6 11. O-O Ne4 12. Qb3 Nd7 13. Bd3 Nd2 14. Bxd2 Bxd3
15. Rfe1 O-O 16. Re3 Bg6 17. Qxb7 Nb6 18. Qa6 Qe7 19. c5 Nd5 20. Ree1 Rfb8 21.
Ne5 Rb2 22. Nxg6 hxg6 23. Qd3 Qh4 24. c6 Nf4 25. Qe3 Nxh3+ 26. Kg2 Qxf2+ 27.
Kxh3 Qxd2 28. Qe4 Qh2# 0-1

[Event "MCR mladeze 2014, H10"]
[Site "Kouty nad Desnou"]
[Date "2014.03.11"]
[Round "5"]
[White "Hosnedl, Matyas"]
[Black "Oplustil, Pavel"]
[Result "1-0"]
[WhiteElo "1343"]
[BlackElo "1382"]
[PlyCount "71"]
[EventDate "2014.03.08"]

1. e4 c5 2. d4 cxd4 3. c3 dxc3 4. Nxc3 Nc6 5. Nf3 g6 6. Bc4 Bg7 7. Bd2 Nf6 8.
e5 Ng4 9. Bxf7+ Kxf7 10. Ng5+ Ke8 11. Qxg4 Nxe5 12. Qe2 d6 13. h3 h6 14. Nf3
Nxf3+ 15. Qxf3 Rf8 16. Qg3 Bf5 17. O-O Kf7 18. Rfe1 e6 19. Qe3 Kg8 20. g4 Bxg4
21. hxg4 Qh4 22. Qg3 Qe7 23. Kg2 Rf7 24. f3 Raf8 25. Rf1 d5 26. a3 e5 27. Nxd5
Qd7 28. Bb4 Qxd5 29. Bxf8 Rxf8 30. Rad1 Qb5 31. Qf2 e4 32. Qc2 e3 33. Rfe1 Re8
34. Rd3 Qg5 35. Qe2 Qxg4+ 36. fxg4 1-0

[Event "MCR mladeze 2014, H10"]
[Site "Kouty nad Desnou"]
[Date "2014.03.11"]
[Round "5"]
[White "Frank, Adam"]
[Black "Svanda, Adam"]
[Result "1-0"]
[WhiteElo "1417"]
[BlackElo "1367"]
[PlyCount "99"]
[EventDate "2014.03.08"]

1. e4 c6 2. Nc3 d5 3. Nf3 Bg4 4. h3 Bh5 5. exd5 cxd5 6. Bb5+ Nc6 7. g4 Bg6 8.
Ne5 Qd6 9. d4 a6 10. Ba4 b5 11. Bb3 Nxe5 12. dxe5 Qxe5+ 13.
Be3 e6 14. a4 b4 15. Ne2 Qc7 16. a5 Bc5 17. Ba4+ Kf8 18. h4 h6 19. Nf4 Bxe3 20.
Nxg6+ fxg6 21. fxe3 Qg3+ 22. Kd2 Nf6 23. Qe2 Ne4+ 24. Kc1 d4 25. Bc6 Nf2 26.
Rf1 Ke7 27. Bxa8 Rxa8 28. Qxf2 Qxe3+ 29. Qxe3 dxe3 30. Re1 Rf8 31. Ra4 Rf3 32.
Rxb4 h5 33. gxh5 gxh5 34. Re4 Rf5 35. R1xe3 Rf1+ 36. Kd2 Rf2+ 37. Kd3 Rf6 38.
Re5 g6 39. c4 Kd6 40. c5+ Kd7 41. b4 Ke7 42. b5 axb5 43. a6 Kd7 44. a7 b4 45.
a8=Q b3 46. Kc3 b2 47. c6+ Kc7 48. Kxb2 Rf2+ 49. Kc3 Rf5 50. Rxe6 1-0